Normal view MARC view
  • Hardev, Rajkumar

Entry Personal Name

Number of records used in: 2

001 - CONTROL NUMBER

  • control field: 3913

003 - CONTROL NUMBER IDENTIFIER

  • control field: NUST

005 - DATE AND TIME OF LATEST TRANSACTION

  • control field: 20170816114252.0

008 - FIXED-LENGTH DATA ELEMENTS

  • fixed length control field: 170816|| aca||aabn | a|a d

040 ## - CATALOGING SOURCE

  • Original cataloging agency: NUST
  • Transcribing agency: NUST

100 ## - HEADING--PERSONAL NAME

  • Personal name: Hardev, Rajkumar

670 ## - SOURCE DATA FOUND

  • Source citation: Work cat.: (NUST): Hardev, Rajkumar, Nazamee bansery:, 2010
© 2023 Central Library, National University of Sciences and Technology. All Rights Reserved.